Acuerdos internacionales de licencias y transferencia de tecnología

Uloženo v:
Podrobná bibliografie
Hlavní autor: Ruíz Aviles, Ernesto
Médium: Text
Vydáno: s.l.e :
Tagy: Přidat tag
Žádné tagy, Buďte první, kdo vytvoří štítek k tomuto záznamu!

MARC

LEADER 00000 a a2200000 04500
001 15470
003
040
090 |a 019100  
100 |a Ruíz Aviles, Ernesto  
245 |a Acuerdos internacionales de licencias y transferencia de tecnología  
260 |a s.l.e :  
300 |a 9 p.  
999 |c 10905  |d 10905